[Event "DEM U10w 2021"]
[Site "Willingen GER"]
[Date "2021.08.25"]
[Round "5"]
[White "Xiao, Yiyi"]
[Black "Zhou, Leyi Charlotte"]
[Result "0-1"]
[Termination "normal"]
[Board "3"]
[WhiteElo "1368"]
[BlackElo "1100"]
[WhiteClock "01:14:55"]
[BlackClock "00:46:06"]
[PlyCount "92"]
[WhiteFideId "34605665"]
[BlackFideId "16258100"]
[EventCountry "GER"]
[EventRounds "11"]
[EventType "swiss"]
[EventDate "2021.08.22"]

1. e4 {[%clk 01:15:30]} {[%emt 12:59:01]} e5 {[%clk 01:15:52]} {[%emt
00:00:11]} 2. Nf3 {[%clk 01:16:24]} {[%emt 00:00:07]} Nc6 {[%clk 01:16:15]}
{[%emt 00:00:06]} 3. Bc4 {[%clk 01:16:49]} {[%emt 00:00:06]} Nf6 {[%clk
01:16:38]} {[%emt 00:00:07]} 4. Nc3 {[%clk 01:17:11]} {[%emt 00:00:08]} Nxe4
{[%clk 01:16:39]} {[%emt 00:00:28]} 5. Nxe4 {[%clk 01:17:03]} {[%emt 00:00:37]}
d5 {[%clk 01:16:42]} {[%emt 00:00:28]} 6. Bb5 {[%clk 01:16:54]} {[%emt
00:00:40]} dxe4 {[%clk 01:14:26]} {[%emt 00:02:46]} 7. Bxc6+ {[%clk 01:17:00]}
{[%emt 00:00:24]} bxc6 {[%clk 01:13:03]} {[%emt 00:01:52]} 8. Nxe5 {[%clk
01:16:54]} {[%emt 00:00:36]} Qd5 {[%clk 01:08:51]} {[%emt 00:04:42]} 9. Ng4
{[%clk 01:15:57]} {[%emt 00:01:26]} Bxg4 {[%clk 01:03:49]} {[%emt 00:05:34]}
10. Qxg4 {[%clk 01:15:02]} {[%emt 00:01:23]} Qe5 {[%clk 00:59:18]} {[%emt
00:05:02]} 11. O-O {[%clk 01:13:38]} {[%emt 00:01:54]} Bd6 {[%clk 00:58:37]}
{[%emt 00:01:11]} 12. Qg3 {[%clk 01:12:56]} {[%emt 00:01:11]} Qh5 {[%clk
00:53:09]} {[%emt 00:06:00]} 13. Qh3 {[%clk 01:11:22]} {[%emt 00:02:02]} Qxh3
{[%clk 00:53:08]} {[%emt 00:00:31]} 14. gxh3 {[%clk 01:11:42]} {[%emt
00:00:11]} O-O {[%clk 00:52:54]} {[%emt 00:00:45]} 15. d3 {[%clk 01:12:01]}
{[%emt 00:00:10]} exd3 {[%clk 00:51:24]} {[%emt 00:02:00]} 16. cxd3 {[%clk
01:12:21]} {[%emt 00:00:10]} f5 {[%clk 00:51:36]} {[%emt 00:00:18]} 17. f4
{[%clk 01:12:10]} {[%emt 00:00:41]} Bc5+ {[%clk 00:51:02]} {[%emt 00:01:04]}
18. Kg2 {[%clk 01:12:09]} {[%emt 00:00:31]} Rf6 {[%clk 00:50:38]} {[%emt
00:01:07]} 19. Rf3 {[%clk 01:11:51]} {[%emt 00:00:36]} Re8 {[%clk 00:50:46]}
{[%emt 00:00:37]} 20. Kf1 {[%clk 01:11:36]} {[%emt 00:00:29]} Bb4 {[%clk
00:48:53]} {[%emt 00:02:24]} 21. Be3 {[%clk 01:11:49]} {[%emt 00:00:16]} a5
{[%clk 00:48:35]} {[%emt 00:00:55]} 22. a3 {[%clk 01:12:06]} {[%emt 00:00:07]}
Bd6 {[%clk 00:48:27]} {[%emt 00:00:38]} 23. Bd4 {[%clk 01:12:09]} {[%emt
00:00:26]} Rfe6 {[%clk 00:46:58]} {[%emt 00:01:59]} 24. Rf2 {[%clk 01:09:49]}
{[%emt 00:02:50]} c5 {[%clk 00:46:55]} {[%emt 00:00:33]} 25. Bc3 {[%clk
01:09:56]} {[%emt 00:00:22]} a4 {[%clk 00:47:12]} {[%emt 00:00:15]} 26. Re1
{[%clk 01:10:11]} {[%emt 00:00:15]} Rxe1+ {[%clk 00:45:42]} {[%emt 00:02:00]}
27. Bxe1 {[%clk 01:10:29]} {[%emt 00:00:11]} Re3 {[%clk 00:45:09]} {[%emt
00:01:03]} 28. Kg2 {[%clk 01:09:39]} {[%emt 00:01:19]} Rxe1 {[%clk 00:43:49]}
{[%emt 00:01:51]} 29. Kg3 {[%clk 01:09:39]} {[%emt 00:00:29]} Re3+ {[%clk
00:43:35]} {[%emt 00:00:46]} 30. Rf3 {[%clk 01:10:01]} {[%emt 00:00:08]} Rxf3+
{[%clk 00:43:41]} {[%emt 00:00:23]} 31. Kxf3 {[%emt 00:00:03]} Kf7 {[%clk
00:43:52]} {[%emt 00:00:17]} 32. Ke3 {[%clk 01:10:53]} {[%emt 00:00:06]} Ke6
{[%clk 00:44:10]} {[%emt 00:00:13]} 33. Kd2 {[%clk 01:11:12]} {[%emt 00:00:10]}
Bxf4+ {[%clk 00:44:28]} {[%emt 00:00:13]} 34. Kc3 {[%clk 01:11:36]} {[%emt
00:00:06]} Be3 {[%clk 00:44:24]} {[%emt 00:00:34]} 35. b3 {[%clk 01:11:56]}
{[%emt 00:00:11]} Bd4+ {[%clk 00:43:45]} {[%emt 00:01:08]} 36. Kc4 {[%clk
01:12:18]} {[%emt 00:00:08]} axb3 {[%clk 00:43:29]} {[%emt 00:00:47]} 37. Kxb3
{[%clk 01:12:34]} {[%emt 00:00:13]} f4 {[%clk 00:43:54]} {[%emt 00:00:05]} 38.
Kc2 {[%clk 01:12:30]} {[%emt 00:00:34]} f3 {[%clk 00:44:15]} {[%emt 00:00:09]}
39. Kd2 {[%clk 01:12:53]} {[%emt 00:00:06]} Ke5 {[%clk 00:44:16]} {[%emt
00:00:30]} 40. a4 {[%clk 01:13:11]} {[%emt 00:00:13]} Kd5 {[%clk 00:44:26]}
{[%emt 00:00:19]} 41. h4 {[%clk 01:13:28]} {[%emt 00:00:13]} c4 {[%clk
00:44:49]} {[%emt 00:00:07]} 42. dxc4+ {[%clk 01:13:43]} {[%emt 00:00:15]} Kxc4
{[%clk 00:45:12]} {[%emt 00:00:07]} 43. h3 {[%clk 01:14:03]} {[%emt 00:00:10]}
Kb4 {[%clk 00:45:26]} {[%emt 00:00:16]} 44. a5 {[%clk 01:14:21]} {[%emt
00:00:13]} Kxa5 {[%clk 00:45:37]} {[%emt 00:00:18]} 45. Ke1 {[%clk 01:14:44]}
{[%emt 00:00:08]} c5 {[%clk 00:45:50]} {[%emt 00:00:17]} 46. Kd1 {[%clk
01:14:55]} {[%emt 00:00:18]} c4 {[%clk 00:46:06]} {[%emt 00:00:15]} 0-1

[Event "DEM U10w 2021"]
[Site "Willingen GER"]
[Date "2021.08.25"]
[Round "5"]
[White "Will, Elina"]
[Black "Kovalskyy, Alicia"]
[Result "1-0"]
[Termination "normal"]
[Board "4"]
[WhiteElo "1181"]
[BlackElo "1078"]
[WhiteClock "00:22:44"]
[BlackClock "00:50:45"]
[PlyCount "139"]
[WhiteFideId "34623434"]
[BlackFideId "34612130"]
[EventCountry "GER"]
[EventRounds "11"]
[EventType "swiss"]
[EventDate "2021.08.22"]

1. e4 {[%clk 01:15:58]} {[%emt 12:58:53]} e5 {[%clk 01:15:54]} {[%emt
00:00:06]} 2. Nf3 {[%clk 01:16:23]} {[%emt 00:00:05]} Nc6 {[%clk 01:16:20]}
{[%emt 00:00:04]} 3. d4 {[%clk 01:16:45]} {[%emt 00:00:09]} exd4 {[%clk
01:16:42]} {[%emt 00:00:07]} 4. Nxd4 {[%clk 01:17:12]} {[%emt 00:00:04]} Nf6
{[%clk 01:17:00]} {[%emt 00:00:12]} 5. Nc3 {[%clk 01:17:30]} {[%emt 00:00:12]}
Bb4 {[%clk 01:17:17]} {[%emt 00:00:13]} 6. Nxc6 {[%clk 01:17:32]} {[%emt
00:00:28]} bxc6 {[%clk 01:17:46]} 7. Bd3 {[%clk 01:17:14]} {[%emt 00:00:48]} d5
{[%clk 01:18:02]} {[%emt 00:00:14]} 8. exd5 {[%clk 01:17:18]} {[%emt 00:00:27]}
cxd5 {[%clk 01:18:13]} {[%emt 00:00:19]} 9. O-O {[%clk 01:17:17]} {[%emt
00:00:31]} O-O {[%clk 01:18:32]} {[%emt 00:00:11]} 10. Bg5 {[%clk 01:16:35]}
{[%emt 00:01:12]} Bb7 {[%clk 01:17:34]} {[%emt 00:01:28]} 11. a3 {[%clk
00:58:00]} {[%emt 00:19:05]} d4 {[%clk 01:14:32]} {[%emt 00:03:32]} 12. axb4
{[%clk 00:55:54]} {[%emt 00:02:36]} dxc3 {[%clk 01:13:08]} {[%emt 00:01:53]}
13. bxc3 {[%clk 00:55:01]} {[%emt 00:01:24]} Qd5 {[%clk 01:13:19]} {[%emt
00:00:17]} 14. Qf3 {[%clk 00:52:51]} {[%emt 00:02:41]} Qxf3 {[%clk 01:05:00]}
{[%emt 00:08:48]} 15. gxf3 {[%clk 00:51:44]} {[%emt 00:01:37]} Bxf3 {[%clk
01:04:58]} {[%emt 00:00:33]} 16. Bxf6 {[%clk 00:44:30]} {[%emt 00:07:44]} gxf6
{[%clk 01:05:22]} {[%emt 00:00:05]} 17. Rfe1 {[%clk 00:43:48]} {[%emt
00:01:13]} Rfe8 {[%clk 01:04:47]} {[%emt 00:01:05]} 18. Re3 {[%clk 00:43:19]}
{[%emt 00:00:59]} Bb7 {[%clk 01:04:01]} {[%emt 00:01:16]} 19. Rae1 {[%clk
00:41:45]} {[%emt 00:02:04]} Rf8 {[%clk 01:02:00]} {[%emt 00:02:30]} 20. Rh3
{[%clk 00:39:58]} {[%emt 00:02:18]} Rfe8 {[%clk 01:01:53]} {[%emt 00:00:37]}
21. Bxh7+ {[%clk 00:38:59]} {[%emt 00:01:29]} Kf8 {[%clk 01:01:29]} {[%emt
00:00:52]} 22. Rhe3 {[%clk 00:38:25]} {[%emt 00:01:06]} Rxe3 {[%clk 00:57:28]}
{[%emt 00:04:31]} 23. Rxe3 {[%clk 00:38:44]} {[%emt 00:00:11]} Rd8 {[%clk
00:57:55]} {[%emt 00:00:03]} 24. Rd3 {[%clk 00:37:05]} {[%emt 00:02:09]} Re8
{[%clk 00:57:56]} {[%emt 00:00:37]} 25. Re3 {[%clk 00:35:05]} {[%emt 00:02:23]}
Rd8 {[%clk 00:58:21]} {[%emt 00:00:06]} 26. Bd3 {[%clk 00:35:17]} {[%emt
00:00:18]} Rd5 {[%clk 00:56:54]} {[%emt 00:01:56]} 27. f4 {[%clk 00:34:57]}
{[%emt 00:00:50]} Rh5 {[%clk 00:56:22]} {[%emt 00:01:02]} 28. c4 {[%clk
00:32:43]} {[%emt 00:02:45]} Rh4 {[%clk 00:56:11]} {[%emt 00:00:40]} 29. f5
{[%clk 00:31:42]} {[%emt 00:01:31]} Rf4 {[%clk 00:55:58]} {[%emt 00:00:43]} 30.
h3 {[%clk 00:29:05]} {[%emt 00:03:07]} Bc8 {[%clk 00:56:05]} {[%emt 00:00:22]}
31. Kg2 {[%clk 00:27:48]} {[%emt 00:01:48]} Rh4 {[%clk 00:54:27]} {[%emt
00:02:05]} 32. Kg3 {[%clk 00:27:52]} {[%emt 00:00:29]} Rh5 {[%clk 00:54:32]}
{[%emt 00:00:25]} 33. Kg4 {[%clk 00:27:23]} {[%emt 00:00:59]} Rg5+ {[%clk
00:54:34]} {[%emt 00:00:28]} 34. Kf4 {[%clk 00:27:34]} {[%emt 00:00:20]} Rh5
{[%clk 00:54:26]} {[%emt 00:00:37]} 35. Rf3 {[%clk 00:26:22]} {[%emt 00:01:41]}
Bb7 {[%clk 00:54:29]} {[%emt 00:00:28]} 36. Rg3 {[%clk 00:25:18]} {[%emt
00:01:34]} Bc8 {[%clk 00:53:32]} {[%emt 00:01:27]} 37. b5 {[%clk 00:25:00]}
{[%emt 00:00:49]} Rh4+ {[%clk 00:52:55]} {[%emt 00:01:06]} 38. Ke3 {[%clk
00:24:17]} {[%emt 00:01:13]} Rh5 {[%clk 00:53:16]} {[%emt 00:00:09]} 39. Rf3
{[%clk 00:24:10]} {[%emt 00:00:37]} Bb7 {[%clk 00:53:39]} {[%emt 00:00:08]} 40.
Be4 {[%clk 00:24:31]} {[%emt 00:00:09]} Bc8 {[%clk 00:53:35]} {[%emt 00:00:34]}
41. Kd4 {[%clk 00:24:35]} {[%emt 00:00:25]} Rh4 {[%clk 00:53:32]} {[%emt
00:00:33]} 42. Kd3 {[%clk 00:23:40]} {[%emt 00:01:25]} a6 {[%clk 00:53:29]}
{[%emt 00:00:33]} 43. c3 {[%clk 00:23:05]} {[%emt 00:01:06]} a5 {[%clk
00:53:45]} {[%emt 00:00:14]} 44. Bd5 {[%clk 00:20:58]} {[%emt 00:02:36]} Rxh3
{[%clk 00:53:15]} {[%emt 00:01:00]} 45. Rxh3 {[%clk 00:18:43]} {[%emt
00:02:45]} Bxf5+ {[%clk 00:53:40]} {[%emt 00:00:05]} 46. Kd2 {[%clk 00:18:35]}
{[%emt 00:00:38]} Bxh3 {[%clk 00:54:03]} {[%emt 00:00:07]} 47. c5 {[%clk
00:18:04]} {[%emt 00:01:01]} Bc8 {[%clk 00:49:10]} {[%emt 00:05:23]} 48. b6
{[%clk 00:18:11]} {[%emt 00:00:24]} a4 {[%clk 00:49:08]} {[%emt 00:00:32]} 49.
c4 {[%clk 00:18:20]} {[%emt 00:00:20]} f5 {[%clk 00:48:38]} {[%emt 00:01:00]}
50. b7 {[%clk 00:18:35]} {[%emt 00:00:15]} Bxb7 {[%clk 00:48:56]} {[%emt
00:00:13]} 51. Bxb7 {[%clk 00:18:54]} {[%emt 00:00:10]} Kg7 {[%clk 00:48:31]}
{[%emt 00:00:56]} 52. Kc3 {[%clk 00:18:57]} {[%emt 00:00:26]} Kf6 {[%clk
00:48:10]} {[%emt 00:00:51]} 53. Kb4 {[%clk 00:19:18]} {[%emt 00:00:10]} a3
{[%clk 00:48:27]} {[%emt 00:00:12]} 54. Kxa3 {[%clk 00:19:42]} {[%emt
00:00:06]} Ke7 {[%clk 00:48:54]} {[%emt 00:00:04]} 55. Bd5 {[%clk 00:19:38]}
{[%emt 00:00:34]} f6 {[%clk 00:49:02]} {[%emt 00:00:21]} 56. Kb3 {[%clk
00:20:00]} {[%emt 00:00:08]} Kd8 {[%clk 00:49:16]} {[%emt 00:00:16]} 57. Kc3
{[%clk 00:20:21]} {[%emt 00:00:10]} Kc8 {[%clk 00:49:42]} {[%emt 00:00:03]} 58.
Be6+ {[%clk 00:20:29]} {[%emt 00:00:23]} Kb7 {[%clk 00:49:41]} {[%emt
00:00:31]} 59. Bxf5 {[%clk 00:20:44]} {[%emt 00:00:14]} c6 {[%clk 00:49:59]}
{[%emt 00:00:12]} 60. Kd4 {[%clk 00:21:01]} {[%emt 00:00:14]} Kc7 {[%clk
00:50:06]} {[%emt 00:00:23]} 61. Be6 {[%clk 00:20:18]} {[%emt 00:01:12]} Kd8
{[%clk 00:49:36]} {[%emt 00:01:01]} 62. Ke4 {[%clk 00:20:36]} {[%emt 00:00:12]}
Kc7 {[%clk 00:49:31]} {[%emt 00:00:35]} 63. Kf5 {[%clk 00:20:57]} {[%emt
00:00:08]} Kb8 {[%clk 00:49:58]} {[%emt 00:00:03]} 64. Kxf6 {[%clk 00:20:54]}
{[%emt 00:00:33]} Kb7 {[%clk 00:50:12]} {[%emt 00:00:16]} 65. Ke7 {[%clk
00:21:10]} {[%emt 00:00:14]} Kc7 {[%clk 00:50:10]} {[%emt 00:00:33]} 66. Bd7
{[%clk 00:21:33]} {[%emt 00:00:06]} Kb8 {[%clk 00:50:20]} {[%emt 00:00:20]} 67.
Bxc6 {[%clk 00:21:54]} {[%emt 00:00:09]} Kc7 {[%clk 00:50:49]} 68. Bd7 {[%clk
00:22:08]} {[%emt 00:00:17]} Kb7 {[%clk 00:50:27]} {[%emt 00:00:52]} 69. c6+
{[%clk 00:22:31]} {[%emt 00:00:08]} Kc7 {[%clk 00:50:45]} {[%emt 00:00:11]} 70.
c5 {[%clk 00:22:44]} {[%emt 00:00:17]} 1-0

[Event "DEM U10w 2021"]
[Site "Willingen GER"]
[Date "2021.08.25"]
[Round "5"]
[White "Peglau, Lorena"]
[Black "Mehner, Clara"]
[Result "1-0"]
[Termination "normal"]
[Board "5"]
[WhiteElo "1005"]
[BlackElo "1159"]
[WhiteClock "00:42:43"]
[BlackClock "00:27:18"]
[PlyCount "57"]
[WhiteFideId "16290542"]
[BlackFideId "34612165"]
[EventCountry "GER"]
[EventRounds "11"]
[EventType "swiss"]
[EventDate "2021.08.22"]

1. c4 {[%clk 01:15:55]} {[%emt 00:00:05]} e5 {[%clk 01:15:48]} {[%emt
00:00:13]} 2. Nc3 {[%clk 01:16:21]} {[%emt 00:00:03]} Nf6 {[%clk 01:15:56]}
{[%emt 00:00:22]} 3. g3 {[%clk 01:16:34]} {[%emt 00:00:17]} c6 {[%clk
01:15:33]} {[%emt 00:00:54]} 4. Nf3 {[%clk 01:15:39]} {[%emt 00:01:25]} d6
{[%clk 01:15:22]} {[%emt 00:00:40]} 5. Bg2 {[%clk 01:15:36]} {[%emt 00:00:32]}
Nbd7 {[%clk 01:14:56]} {[%emt 00:00:57]} 6. d3 {[%clk 01:15:40]} {[%emt
00:00:25]} d5 {[%clk 01:14:19]} {[%emt 00:01:09]} 7. Bg5 {[%clk 01:15:51]}
{[%emt 00:00:18]} Bd6 {[%clk 01:13:06]} {[%emt 00:01:43]} 8. cxd5 {[%clk
01:15:58]} {[%emt 00:00:24]} cxd5 {[%clk 01:11:11]} {[%emt 00:02:24]} 9. O-O
{[%clk 01:15:03]} {[%emt 00:01:24]} h6 {[%clk 01:09:47]} {[%emt 00:01:55]} 10.
Bxf6 {[%clk 01:11:56]} {[%emt 00:03:37]} Nxf6 {[%clk 01:09:12]} {[%emt
00:01:05]} 11. Rc1 {[%clk 01:09:57]} {[%emt 00:02:30]} O-O {[%clk 01:07:40]}
{[%emt 00:02:01]} 12. Nd2 {[%clk 01:08:51]} {[%emt 00:01:35]} Be6 {[%clk
01:05:21]} {[%emt 00:02:51]} 13. Nb3 {[%clk 01:08:03]} {[%emt 00:01:18]} Qd7
{[%clk 01:03:45]} {[%emt 00:02:05]} 14. d4 {[%clk 01:08:08]} {[%emt 00:00:25]}
e4 {[%clk 00:59:57]} {[%emt 00:04:18]} 15. Re1 {[%clk 01:06:07]} {[%emt
00:02:30]} Bh3 {[%clk 00:58:47]} {[%emt 00:01:40]} 16. Bh1 {[%clk 01:06:21]}
{[%emt 00:00:16]} Rfe8 {[%clk 00:56:17]} {[%emt 00:03:01]} 17. e3 {[%clk
01:04:24]} {[%emt 00:02:25]} Rac8 {[%clk 00:52:11]} {[%emt 00:04:38]} 18. Nd2
{[%clk 01:01:41]} {[%emt 00:03:11]} Qf5 {[%clk 00:45:52]} {[%emt 00:06:50]} 19.
Qe2 {[%clk 00:57:16]} {[%emt 00:04:56]} Rc7 {[%clk 00:42:25]} {[%emt 00:03:57]}
20. Nb5 {[%clk 00:54:29]} {[%emt 00:03:15]} Rd7 {[%clk 00:39:57]} {[%emt
00:02:58]} 21. Nxd6 {[%clk 00:48:49]} {[%emt 00:06:09]} Rxd6 {[%clk 00:39:09]}
{[%emt 00:01:20]} 22. Bg2 {[%clk 00:48:02]} {[%emt 00:01:18]} Rd7 {[%clk
00:38:08]} {[%emt 00:01:31]} 23. Bxh3 {[%clk 00:45:20]} {[%emt 00:03:12]} Qxh3
{[%clk 00:38:11]} {[%emt 00:00:26]} 24. Qf1 {[%clk 00:45:40]} {[%emt 00:00:10]}
Qh5 {[%clk 00:36:05]} {[%emt 00:02:35]} 25. Qe2 {[%clk 00:45:10]} {[%emt
00:01:02]} Ng4 {[%clk 00:32:40]} {[%emt 00:03:55]} 26. f3 {[%clk 00:43:56]}
{[%emt 00:01:43]} exf3 {[%clk 00:30:55]} {[%emt 00:02:16]} 27. Nxf3 {[%clk
00:43:31]} {[%emt 00:00:55]} Rxe3 {[%clk 00:28:09]} {[%emt 00:03:16]} 28. Qc2
{[%clk 00:43:00]} {[%emt 00:00:56]} Rxf3 {[%clk 00:27:18]} {[%emt 00:01:25]}
29. Re8# {[%clk 00:42:43]} {[%emt 00:00:17]} 1-0

[Event "DEM U10w 2021"]
[Site "Willingen GER"]
[Date "2021.08.25"]
[Round "5"]
[White "Hefele, Stefanie"]
[Black "Bacakova, Klara"]
[Result "1-0"]
[Termination "normal"]
[Board "6"]
[WhiteElo "1044"]
[BlackElo "955"]
[WhiteClock "00:40:26"]
[BlackClock "00:40:31"]
[PlyCount "49"]
[WhiteFideId "34612041"]
[BlackFideId "34605762"]
[EventCountry "GER"]
[EventRounds "11"]
[EventType "swiss"]
[EventDate "2021.08.22"]

1. e4 {[%clk 01:15:58]} c5 {[%clk 01:15:52]} {[%emt 00:00:09]} 2. Nc3 {[%clk
01:16:13]} {[%emt 00:00:15]} e6 {[%clk 01:16:07]} {[%emt 00:00:14]} 3. g3
{[%clk 01:14:23]} {[%emt 00:02:19]} a6 {[%clk 01:15:34]} {[%emt 00:01:05]} 4.
Bg2 {[%clk 01:12:22]} {[%emt 00:02:30]} Nc6 {[%clk 01:14:09]} {[%emt 00:01:55]}
5. Nge2 {[%clk 01:09:12]} {[%emt 00:03:39]} Nf6 {[%clk 01:12:24]} {[%emt
00:02:15]} 6. O-O {[%clk 01:02:18]} {[%emt 00:07:25]} Be7 {[%clk 01:09:20]}
{[%emt 00:03:35]} 7. d4 {[%clk 01:01:11]} {[%emt 00:01:37]} cxd4 {[%clk
01:08:54]} {[%emt 00:00:55]} 8. Nxd4 {[%clk 01:00:46]} {[%emt 00:00:56]} O-O
{[%clk 01:08:58]} {[%emt 00:00:26]} 9. Be3 {[%clk 00:57:42]} {[%emt 00:03:34]}
d5 {[%clk 01:08:42]} {[%emt 00:00:45]} 10. Nxc6 {[%clk 00:54:34]} {[%emt
00:03:39]} bxc6 {[%clk 01:08:39]} {[%emt 00:00:32]} 11. e5 {[%clk 00:54:13]}
{[%emt 00:00:51]} Nd7 {[%clk 01:08:09]} {[%emt 00:00:58]} 12. Bf4 {[%clk
00:52:19]} {[%emt 00:02:27]} Qc7 {[%clk 01:06:51]} {[%emt 00:01:48]} 13. Re1
{[%clk 00:51:02]} {[%emt 00:01:46]} Rb8 {[%clk 01:06:29]} {[%emt 00:00:54]} 14.
Rb1 {[%clk 00:49:46]} {[%emt 00:01:45]} Qa7 {[%clk 01:03:56]} {[%emt 00:03:03]}
15. Qg4 {[%clk 00:48:21]} {[%emt 00:01:54]} Kh8 {[%clk 01:03:05]} {[%emt
00:01:21]} 16. Bf1 {[%clk 00:46:07]} {[%emt 00:02:44]} Bc5 {[%clk 01:01:27]}
{[%emt 00:02:09]} 17. Nd1 {[%clk 00:45:58]} {[%emt 00:00:39]} Nb6 {[%clk
00:53:18]} {[%emt 00:08:39]} 18. b3 {[%clk 00:43:18]} {[%emt 00:03:10]} a5
{[%clk 00:51:01]} {[%emt 00:02:47]} 19. Bd3 {[%clk 00:42:48]} {[%emt 00:01:00]}
a4 {[%clk 00:44:54]} {[%emt 00:06:37]} 20. Qh3 {[%clk 00:42:41]} {[%emt
00:00:37]} g6 {[%clk 00:43:31]} {[%emt 00:01:52]} 21. Bg5 {[%clk 00:40:55]}
{[%emt 00:02:17]} axb3 {[%clk 00:41:55]} {[%emt 00:02:06]} 22. Bf6+ {[%clk
00:41:05]} {[%emt 00:00:20]} Kg8 {[%clk 00:41:59]} {[%emt 00:00:26]} 23. Qh6
{[%clk 00:41:00]} {[%emt 00:00:35]} Bxf2+ {[%clk 00:41:45]} {[%emt 00:00:44]}
24. Nxf2 {[%clk 00:41:12]} {[%emt 00:00:17]} Nc4 {[%clk 00:40:31]} {[%emt
00:01:45]} 25. Qg7# {[%clk 00:40:26]} {[%emt 00:00:42]} 1-0